LEADER 01574cam2-2200385---450 001 990005904450203316 005 20240527121841.0 010 $a978-88-14-0881-2 035 $a000590445 035 $aUSA01000590445 035 $a(ALEPH)000590445USA01 035 $a000590445 100 $a20131104d2001----km-y0enga50------ba 101 $aita 102 $aIT 200 1 $a<> Ordinamento del notariato, diritto tributario, diritto amministrativo, edilizia e urbanistica, Codice di procedura civile, attività delegate ai notai ex Legge 302/1998, legge fallimentare, rapporti di obbligazione$fGaetano Petrelli 210 $aMilano$cGiuffrè$d2001 215 $aXXXI, 755 p.$d25 cm$e1 Cd-Rom 461 1$1001990001402610203316$12001$aFormulario notarile commentato 606 $aNotariato$xLegislazione$xFormulari$2BNCF 676 $a347.45016 700 1$aPETRELLI,$bGaetano$0235082 912 $a990005904450203316 951 $aXXV.1.C. 163 1$b30584 G.$cXXV.1.C.$d00075746 959 $aBK 969 $aGIU 979 $aCHIARA$b90$c20131104$lUSA01$h1349 979 $aCHIARA$b90$c20131104$lUSA01$h1353 979 $aCHIARA$b90$c20131104$lUSA01$h1359 979 $aCHIARA$b90$c20131104$lUSA01$h1401 979 $aCHIARA$b90$c20131104$lUSA01$h1402 979 $aCHIARA$b90$c20131104$lUSA01$h1438 979 $aCHIARA$b90$c20131104$lUSA01$h1438 996 $aOrdinamento del notariato, diritto tributario, diritto amministrativo, edilizia e urbanistica, Codice di procedura civile, attività delegate ai notai ex Legge 302$91074943 997 $aUNISA LEADER 02075nam0 2200457 i 450 001 VAN00113754 005 20240806100749.754 017 70$2N$a9783319225753 100 $a20180118d2015 |0itac50 ba 101 $aeng 102 $aCH 105 $a|||| ||||| 200 1 $aFuzzy differential equations in various approaches$fLuciana Takata Gomes, Laécio Carvalho de Barros, Barnabas Bede 210 $a[Cham]$cSpringer$d2015 215 $aXII, 120 p.$cill.$d24 cm 410 1$1001VAN00102596$12001 $aSpringerBriefs in mathematics$1210 $aBerlin [etc.]$cSpringer$d2011- 500 1$3VAN00235031$aFuzzy differential equations in various approaches$91522771 606 $a26E50$xFuzzy real analysis [MSC 2020]$3VANC033723$2MF 606 $a34A07$xFuzzy ordinary differential equations [MSC 2020]$3VANC033722$2MF 606 $a47S40$xFuzzy operator theory [MSC 2020]$3VANC033724$2MF 610 $aDynamical systems$9KW:K 610 $aFuzzy differential equations$9KW:K 610 $aFuzzy-set-valued functions$9KW:K 610 $aHukuhara Derivative$9KW:K 610 $aOrdinary Differential Equations$9KW:K 610 $aSBMAC$9KW:K 610 $aUncertainty analysis$9KW:K 610 $aZadeh's extension$9KW:K 620 $aCH$dCham$3VANL001889 700 1$aGomes$bLuciana Takata$3VANV087858$0755651 701 1$aBarros$bLaécio Carvalho de$3VANV087859$0755652 701 1$aBede$bBarnabas$3VANV087860$0755653 712 $aSpringer $3VANV108073$4650 801 $aIT$bSOL$c20250620$gRICA 856 4 $uhttp://dx.doi.org/10.1007/978-3-319-22575-3$zE-book ? Accesso al full-text attraverso riconoscimento IP di Ateneo, proxy e/o Shibboleth 899 $aBIBLIOTECA DEL DIPARTIMENTO DI MATEMATICA E FISICA$1IT-CE0120$2VAN08 912 $fN 912 $aVAN00113754 950 $aBIBLIOTECA DEL DIPARTIMENTO DI MATEMATICA E FISICA$d08DLOAD e-book 0219 $e08eMF219 20180118 996 $aFuzzy differential equations in various approaches$91522771 997 $aUNICAMPANIA LEADER 02164nam0 22004933i 450 001 VAN00241977 005 20251211021655.21 017 70$2N$a9783319192048 100 $a20220303d2015 |0itac50 ba 101 $aeng 102 $aCH 105 $a|||| ||||| 181 $ai$b e 182 $ab 183 $acr 200 1 $aGas-Phase IR Spectroscopy and Structure of Biological Molecules$feditors Anouk M. Rijs, Jos Oomens$gwith contributions by J.L. Alonso 210 $aCham$cSpringer$d2015 215 $aIX, 406 p.$cill.$d24 cm 410 1$1001VAN00071253$12001 $aTopics in current chemistry$1210 $aBerlin$cSpringer$v364 620 $aCH$dCham$3VANL001889 676 $a572$cBiochimica. Citochimica. Istochimica$v22 676 $a540$cChimica generale$v22 676 $a541$cChimica fisica$v22 676 $a543.65$cSpettrometria di massa. Spettroscopia di massa$v22 676 $a502.82$cMicroscopia$v22 676 $a571.4$cBiofisica$v22 676 $a610.153$cFisica medica$v22 702 1$aAlonso$bJosé L.$3VANV197963 702 1$aOomens$bJos$3VANV197961 702 1$aRijs$bAnouk M.$3VANV197957 712 $aSpringer $3VANV108073$4650 790 1$aAlonso, J.L.$zAlonso, José L.$3VANV200775 790 1$aAlonso, J. L.$zAlonso, José L.$3VANV236555 790 1$aAlonso, José Luis$zAlonso, José L.$3VANV236556 790 1$aRijs, A. M.$zRijs, Anouk M.$3VANV197959 790 1$aRijs, A.M.$zRijs, Anouk M.$3VANV200776 801 $aIT$bSOL$c20251212$gRICA 856 4 $uhttps://rd.springer.com/book/10.1007/978-3-319-19204-8$zE-book - Accesso al full-text attraverso riconoscimento IP di Ateneo, proxy e/o Shibboleth 899 $aBIBLIOTECA DEL DIPARTIMENTO DI SCIENZE E TECNOLOGIE AMBIENTALI BIOLOGICHE E FARMACEUTICHE$1IT-CE0101$2VAN17 912 $fN 912 $aVAN00241977 950 $aBIBLIOTECA DEL DIPARTIMENTO DI SCIENZE E TECNOLOGIE AMBIENTALI BIOLOGICHE E FARMACEUTICHE$d17CONS e-book 2219 $e17BIB2219/66 66 20220303 996 $aGas-Phase IR Spectroscopy and Structure of Biological Molecules$92256439 997 $aUNICAMPANIA